Les plus gros transferts du football - Nés en 1989 - Statistiques

Statistiques générales
  • Ce quiz a été pris 71 fois
  • Le résultat moyen est 7 sur 12
Statistiques - réponses
Montant de transfert (M €) Saison Nationalité Venant de Allant à Joueur % Correct
101,00 2013-2014 Pays de Galles Tottenham Real Madrid Gareth Bale
100%
63,75 2017-2018 France / Gabon Borussia Dortmund Arsenal Pierre-Emerick Aubameyang
94%
42,00 2011-2012 Argentine Palermo Paris SG Javier Pastore
74%
42,00 2016-2017 Arménie Borussia Dortmund Manchester United Henrikh Mkhitaryan
65%
40,00 2012-2013 Belgique Benfica Zenti S-Pb Axel Witsel
51%
49,40 2017-2018 Islande Swansea City FC Everton Gylfi Sigurdsson
51%
35,00 2015-2016 France Southampton Manchester United Morgan Schneiderlin
48%
35,00 2016-2017 France Newcastle United Tottenham Moussa Sissoko
48%
36,00 2014-2015 Espagne Athletic Manchester United Ander Herrera
45%
35,00 2019-2020 Pays-Bas Barcelone FC Valencia Jasper Cillessen
37%
41,00 2010-2011 Angleterre Newcastle United Liverpool Andy Carroll
32%
35,60 2017-2018 Espagne FC Sevilla Atlético Madrid Vitolo
9%
Aucun quiz correspondant
Distribution des résultats
% des personnes avec chaque résultat
Percentile par nombre de réponses
Votre historique - résultats
Vous n’avez pas pris ce quiz